[Event "EU-ch 13th"]
[Site "Plovdiv"]
[Date "2012.03.29"]
[Round "9"]
[White "Baltag, Iulian"]
[Black "Kjurkchiiski, Georgi"]
[Result "1-0"]
[WhiteElo "2420"]
[BlackElo "2266"]
[PlyCount "89"]
[EventDate "2012.03.20"]
[EventType "swiss"]
[EventRounds "11"]
[EventCountry "BUL"]
[SourceTitle "CBM 148"]
[Source "ChessBase"]
[SourceDate "2012.05.16"]
[SourceVersion "1"]
[SourceVersionDate "2012.05.16"]
[SourceQuality "1"]

1. d4 Nf6 2. g3 g6 3. Bg2 Bg7 4. c4 0-0 5. Nf3 d6 6. 0-0 Nbd7 7. Nc3 e5 8. h3 exd4 9. Nxd4 Re8 10. Qc2 a5 11. Rd1 Nc5 12. b3 Bd7 13. Ba3 Qc8 14. Kh2 Re5 15. h4 Rh5 16. Kg1 Re5 17. Bb2 Bh3 18. Bh1 Bg4 19. Re1 Qd7 20. Rad1 Rae8 21. Bc1 h6 22. f3 g5 23. hxg5 hxg5 24. e4 Ncxe4 25. Nxe4 Nxe4 26. fxe4 Bxd1 27. Rxd1 Qg4 28. Kf2 Qh5 29. Bg2 Rc5 30. Nf5 Rxf5+ 31. exf5 Be5 32. Rd3 Qg4 33. Qd2 f6 34. Bxb7 Qxf5+ 35. Kg2 Kg7 36. Rf3 Qg4 37. Qd3 Rh8 38. Qf5 Qh5 39. Qd7+ Kf8 40. Qc8+ Kg7 41. Qxc7+ Kh6 42. Bd5 Rh7 43. Qc8 Kg7 44. Qg8+ Kh6 45. Qf8+ 1-0

[Event "EU-ch 13th"]
[Site "Plovdiv"]
[Date "2012.03.20"]
[Round "1"]
[White "Swiercz, Dariusz"]
[Black "Kjurkchiiski, Georgi"]
[Result "1-0"]
[WhiteElo "2565"]
[BlackElo "2266"]
[PlyCount "81"]
[EventDate "2012.03.20"]
[EventType "swiss"]
[EventRounds "11"]
[EventCountry "BUL"]
[SourceTitle "CBM 148"]
[Source "ChessBase"]
[SourceDate "2012.05.16"]
[SourceVersion "1"]
[SourceVersionDate "2012.05.16"]
[SourceQuality "1"]

1. d4 Nf6 2. g3 g6 3. Bg2 Bg7 4. e4 d6 5. Nc3 0-0 6. Nge2 Nbd7 7. 0-0 e5 8. h3 exd4 9. Nxd4 Re8 10. Re1 Nc5 11. Nb3 Nfd7 12. Bf4 a5 13. Qd2 Ne6 14. Bh6 Bh8 15. a4 Ne5 16. Qe2 Nc6 17. Be3 Ned4 18. Nxd4 Nxd4 19. Qd2 Ne6 20. Rab1 Bd7 21. b3 Bc6 22. f4 Bg7 23. Nd5 Bxd5 24. Qxd5 Bc3 25. Re2 Qc8 26. Qd3 Bb4 27. Kh2 Nc5 28. Qd4 Qe6 29. Bc1 Nd7 30. Bb2 f6 31. Bf3 Bc5 32. Qc3 h5 33. e5 c6 34. exf6 Qxe2+ 35. Bxe2 Rxe2+ 36. Kh1 Rae8 37. f7+ Kxf7 38. Qg7+ Ke6 39. Qxg6+ Ke7 40. Qg5+ Kf8 41. Qg7# 1-0

[Event "Sunny Beach op 10th"]
[Site "Sunny Beach"]
[Date "2011.09.02"]
[Round "7"]
[White "Kjurkchiiski, Georgi"]
[Black "Georgiev, Krum"]
[Result "1-0"]
[WhiteElo "2241"]
[BlackElo "2426"]
[PlyCount "61"]
[EventDate "2011.08.27"]
[EventType "swiss"]
[EventRounds "9"]
[EventCountry "BUL"]
[SourceTitle "CBM 144 Extra"]
[Source "ChessBase"]
[SourceDate "2011.10.28"]
[SourceVersion "1"]
[SourceVersionDate "2011.10.28"]
[SourceQuality "1"]

1. e4 c5 2. Nf3 d6 3. d4 cxd4 4. Nxd4 Nf6 5. Nc3 Bd7 6. Be2 Nc6 7. Be3 e6 8. g4 h6 9. Rg1 a6 10. h4 h5 11. gxh5 b5 12. a3 Rc8 13. f4 Na5 14. Bf3 Nc4 15. Bc1 Nxh5 16. Rg5 Nf6 17. h5 Nh7 18. Rg4 Rc5 19. b3 Nb6 20. Nce2 Rxh5 21. Bb2 Rh4 22. Rg1 Nf6 23. Qd2 d5 24. exd5 Nbxd5 25. 0-0-0 g6 26. Kb1 Bh6 27. c4 bxc4 28. bxc4 Nxf4 29. Nc6 Nxe2 30. Qb4 Bf8 31. Qb7 1-0

[Event "Sunny Beach op 10th"]
[Site "Sunny Beach"]
[Date "2011.08.29"]
[Round "3"]
[White "Ilchev, Dimitar"]
[Black "Kjurkchiiski, Georgi"]
[Result "1/2-1/2"]
[WhiteElo "2038"]
[BlackElo "2241"]
[PlyCount "55"]
[EventDate "2011.08.27"]
[EventType "swiss"]
[EventRounds "9"]
[EventCountry "BUL"]
[SourceTitle "CBM 144 Extra"]
[Source "ChessBase"]
[SourceDate "2011.10.28"]
[SourceVersion "1"]
[SourceVersionDate "2011.10.28"]
[SourceQuality "1"]

1. c4 Nf6 2. Nc3 c5 3. Nf3 Nc6 4. d4 cxd4 5. Nxd4 g6 6. e4 d6 7. Be2 Bg7 8. Be3 0-0 9. Qd2 Qa5 10. f3 Nxd4 11. Bxd4 Be6 12. Rc1 Rfc8 13. b3 a6 14. Be3 b5 15. Nd5 Qxd2+ 16. Kxd2 Nxd5 17. cxd5 Bd7 18. Rxc8+ Rxc8 19. Rc1 Rxc1 20. Kxc1 Bc3 21. Kc2 Be5 22. f4 Bg7 23. Bd2 Bd4 24. Kd3 Bg1 25. h3 Bc5 26. b4 Bf2 27. Be3 Be1 28. Bd2 1/2-1/2

[Event "Kesarovski Georgiev Memorial 9th"]
[Site "Sunny Beach"]
[Date "2010.09.01"]
[Round "5"]
[White "Nikolov, Jordan"]
[Black "Kjurkchiiski, Georgi"]
[Result "1/2-1/2"]
[WhiteElo "2097"]
[BlackElo "2271"]
[PlyCount "97"]
[EventDate "2010.08.28"]
[EventType "swiss"]
[EventRounds "9"]
[EventCountry "BUL"]
[SourceTitle "CBM 138 Extra"]
[Source "ChessBase"]
[SourceDate "2010.10.29"]
[SourceVersion "1"]
[SourceVersionDate "2010.10.29"]
[SourceQuality "1"]

1. e4 d6 2. d4 Nf6 3. Nc3 g6 4. Nf3 Bg7 5. Be2 0-0 6. 0-0 c6 7. a4 Qc7 8. h3 Nbd7 9. Re1 e5 10. Be3 Re8 11. Bf1 b6 12. Qd2 Bb7 13. Rad1 Bf8 14. Bg5 Be7 15. g3 Rad8 16. Bg2 Nf8 17. d5 cxd5 18. Bxf6 Bxf6 19. exd5 Nd7 20. Nb5 Qb8 21. c4 a6 22. Nc3 Rc8 23. b3 Nc5 24. Qc2 Rc7 25. Ne4 Nxe4 26. Qxe4 Bc8 27. Nd4 Bd7 28. Nc6 Qc8 29. Kh2 Bg5 30. Qc2 f5 31. Qc3 e4 32. Nd4 b5 33. axb5 axb5 34. Bf1 bxc4 35. Bxc4 Bf6 36. Qb4 Be5 37. f4 Rb7 38. Qa3 Bxd4 39. Rxd4 Qc7 40. Rc1 Ra7 41. Qb4 Ra2+ 42. Rd2 Qa7 43. Qc3 e3 44. Rxa2 Qxa2+ 45. Rc2 Qb1 46. Re2 Qe4 47. Qf6 Ra8 48. Qc3 Re8 49. Qf6 1/2-1/2

[Event "Kesarovski Georgiev Memorial 8th"]
[Site "Sunny Beach"]
[Date "2009.09.12"]
[Round "8"]
[White "Kjurkchiiski, Georgi"]
[Black "Nikolov, Momchil"]
[Result "0-1"]
[WhiteElo "2244"]
[BlackElo "2528"]
[PlyCount "30"]
[EventDate "2009.09.07"]
[EventType "swiss"]
[EventRounds "9"]
[EventCountry "BUL"]
[SourceTitle "CBM 132 Extra"]
[Source "ChessBase"]
[SourceDate "2009.11.03"]
[SourceVersion "1"]
[SourceVersionDate "2009.11.03"]
[SourceQuality "1"]

1. e4 c5 2. Nf3 e6 3. d3 Nc6 4. g3 g6 5. d4 cxd4 6. Nxd4 Bg7 7. Nb5 d5 8. exd5 exd5 9. Qxd5 Qe7+ 10. Be2 Bg4 11. Qe4 Qxe4 12. Nd6+ Kf8 13. Nxe4 Bxe2 14. Kxe2 Re8 15. f3 f5 0-1

[Event "Kesarovski Georgiev Memorial 8th"]
[Site "Sunny Beach"]
[Date "2009.09.11"]
[Round "7"]
[White "Nikolov, Sasho"]
[Black "Kjurkchiiski, Georgi"]
[Result "1-0"]
[WhiteElo "2403"]
[BlackElo "2244"]
[PlyCount "141"]
[EventDate "2009.09.07"]
[EventType "swiss"]
[EventRounds "9"]
[EventCountry "BUL"]
[SourceTitle "CBM 132 Extra"]
[Source "ChessBase"]
[SourceDate "2009.11.03"]
[SourceVersion "1"]
[SourceVersionDate "2009.11.03"]
[SourceQuality "1"]

1. d4 Nf6 2. c4 c5 3. d5 b5 4. cxb5 a6 5. b6 Qxb6 6. Nc3 e6 7. e4 Bb7 8. Nf3 exd5 9. exd5 d6 10. Bc4 Be7 11. 0-0 0-0 12. Re1 Re8 13. a4 Nbd7 14. a5 Qc7 15. h3 Bf8 16. Rxe8 Rxe8 17. Qd3 Nb8 18. Bd2 Bc8 19. Na4 g6 20. Nb6 Bf5 21. Qf1 Qb7 22. b4 cxb4 23. Bxb4 Nfd7 24. Nxd7 Bxd7 25. Rb1 Bf5 26. Rb3 Qc8 27. Nd4 Re4 28. Nxf5 Rxc4 29. Nxd6 Bxd6 30. Bxd6 Nd7 31. Qe2 Rd4 32. Qf3 Qa8 33. Rd3 Rxd3 34. Qxd3 Nf6 35. Qd4 Nxd5 36. Qc5 Qb7 37. Kh2 f6 38. g4 Kf7 39. Qc4 Ke6 40. Bc5 Qc6 41. Kg3 Kf7 42. Qd4 Qc7+ 43. Kf3 Qc6 44. Kg3 Qe6 45. Ba3 Qc6 46. Qa7+ Ke6 47. Qd4 Qc7+ 48. Kg2 Qc6 49. Qe4+ Kf7 50. Bb2 Qb5 51. Qd4 Qc6 52. Kg1 g5 53. Qa7+ Kg8 54. Qb8+ Kg7 55. Ba3 Qe6 56. Bf8+ Kf7 57. Bc5 Nf4 58. Kh2 Qc6 59. Qf8+ Ke6 60. Qe7+ Kd5 61. Be3 Qd6 62. Qb7+ Qc6 63. Qxh7 Qe6 64. Qb7+ Kc4 65. Qb6 Qe5 66. Qxa6+ Kb4 67. Qb6+ Ka4 68. Qd4+ Kxa5 69. Qxe5+ fxe5 70. Bxf4 exf4 71. h4 1-0

[Event "Kesarovski Georgiev Memorial 8th"]
[Site "Sunny Beach"]
[Date "2009.09.10"]
[Round "5"]
[White "Kjurkchiiski, Georgi"]
[Black "Ivanov, Stojan Lubomirov"]
[Result "1-0"]
[WhiteElo "2244"]
[BlackElo "2172"]
[PlyCount "79"]
[EventDate "2009.09.07"]
[EventType "swiss"]
[EventRounds "9"]
[EventCountry "BUL"]
[SourceTitle "CBM 132 Extra"]
[Source "ChessBase"]
[SourceDate "2009.11.03"]
[SourceVersion "1"]
[SourceVersionDate "2009.11.03"]
[SourceQuality "1"]

1. e4 c5 2. Nf3 d6 3. d4 cxd4 4. Nxd4 Nf6 5. Nc3 a6 6. f3 e5 7. Nb3 Be6 8. Be3 Be7 9. Nd5 Bxd5 10. exd5 Nbd7 11. c4 Nh5 12. Qd2 b6 13. Be2 0-0 14. 0-0 f5 15. Nc1 f4 16. Bf2 Bh4 17. Qe1 Bxf2+ 18. Qxf2 a5 19. Bd3 Nc5 20. Bc2 Qg5 21. Ne2 g6 22. b3 Ng7 23. a3 Nf5 24. Bxf5 Qxf5 25. b4 Na4 26. Rac1 Rfc8 27. Nc3 axb4 28. Ne4 Nc3 29. Nxd6 Qd3 30. Nxc8 Rxc8 31. Qxb6 Rxc4 32. Qe6+ Kg7 33. Qxe5+ Kh6 34. Rce1 b3 35. Qe7 Qd4+ 36. Kh1 b2 37. Qh4+ Kg7 38. Re7+ Kf8 39. Rxh7 Kg8 40. Qe7 1-0

[Event "Kesarovski Georgiev Memorial 8th"]
[Site "Sunny Beach"]
[Date "2009.09.08"]
[Round "2"]
[White "Vodicka, Pavel"]
[Black "Kjurkchiiski, Georgi"]
[Result "0-1"]
[WhiteElo "2077"]
[BlackElo "2244"]
[PlyCount "66"]
[EventDate "2009.09.07"]
[EventType "swiss"]
[EventRounds "9"]
[EventCountry "BUL"]
[SourceTitle "CBM 132 Extra"]
[Source "ChessBase"]
[SourceDate "2009.11.03"]
[SourceVersion "1"]
[SourceVersionDate "2009.11.03"]
[SourceQuality "1"]

1. d4 Nf6 2. c4 c5 3. d5 e6 4. Nc3 exd5 5. cxd5 d6 6. e4 g6 7. Be2 Bg7 8. h4 h5 9. Nh3 0-0 10. Ng5 Nbd7 11. Bf4 Qe7 12. Qc2 Ne5 13. a4 Bd7 14. Ra3 Rfb8 15. 0-0 b6 16. Nb5 Ne8 17. Bxe5 Bxe5 18. f4 Bf6 19. e5 dxe5 20. d6 Nxd6 21. Nxd6 Qxd6 22. Nxf7 Kxf7 23. Bxh5 e4 24. Bxg6+ Kxg6 25. Qxe4+ Kh6 26. Rd3 Bd4+ 27. Kh2 Re8 28. Qf3 Bf5 29. Rxd4 cxd4 30. g4 Be4 31. g5+ Kg7 32. Qg4 Rh8 33. h5 Rxh5+ 0-1

[Event "Kesarovski Georgiev Memorial 4th"]
[Site "Sunny Beach"]
[Date "2005.09.17"]
[Round "2"]
[White "Kjurkchiiski, Georgi"]
[Black "Yermishin, Viktor"]
[Result "1-0"]
[WhiteElo "2257"]
[BlackElo "2450"]
[PlyCount "109"]
[EventDate "2005.09.16"]
[EventType "swiss"]
[EventRounds "9"]
[EventCountry "BUL"]
[SourceTitle "CBM 108 Extra"]
[Source "ChessBase"]
[SourceDate "2005.11.04"]
[SourceVersion "1"]
[SourceVersionDate "2005.11.04"]
[SourceQuality "1"]

1. e4 d5 2. exd5 Qxd5 3. Nc3 Qa5 4. d4 c6 5. Nf3 Bg4 6. h3 Bh5 7. g4 Bg6 8. Ne5 Nf6 9. h4 Be4 10. Nc4 Qc7 11. Nxe4 Nxe4 12. Qf3 Nd6 13. Bf4 Nd7 14. 0-0-0 Nb6 15. Nxd6+ exd6 16. Re1+ Be7 17. Qe4 Kf8 18. g5 Re8 19. Bh3 Qd8 20. Re2 Nd5 21. Bd2 Nc7 22. Rhe1 g6 23. Qf3 h6 24. h5 Bxg5 25. hxg6 Bxd2+ 26. Kd1 f6 27. Kxd2 Kg7 28. Qb3 Rxe2+ 29. Rxe2 Kxg6 30. Bf5+ Kg7 31. Qxb7 h5 32. Qxc6 Re8 33. Rxe8 Nxe8 34. Qd7+ Qxd7 35. Bxd7 Nc7 36. c4 Kf7 37. Ke3 Ke7 38. Bf5 Ne8 39. b4 Ng7 40. Bh3 Kd8 41. d5 Kc7 42. c5 a6 43. Kd4 Ne8 44. a4 Ng7 45. b5 axb5 46. axb5 h4 47. Bg4 Ne8 48. b6+ Kb7 49. Bd7 Ng7 50. Bg4 Ne8 51. Kc4 Ng7 52. Kb5 dxc5 53. Kxc5 f5 54. Bh3 Ne8 55. Bxf5 1-0

[Event "BUL-chT"]
[Site "Pamporovo"]
[Date "2001.10.05"]
[Round "4"]
[White "Valev, Martin"]
[Black "Kjurkchiiski, Georgi"]
[Result "1-0"]
[WhiteElo "2143"]
[BlackElo "2275"]
[PlyCount "103"]
[EventDate "2001.10.03"]
[EventType "team"]
[EventRounds "7"]
[EventCountry "BUL"]
[SourceTitle "CBM 084 Extra"]
[Source "ChessBase"]
[SourceDate "2001.10.26"]
[SourceVersion "1"]
[SourceVersionDate "2001.10.26"]
[SourceQuality "1"]

1. e4 c5 2. Nf3 d6 3. d4 cxd4 4. Nxd4 Nf6 5. Nc3 a6 6. f3 e5 7. Nb3 Be6 8. Nd5 Nxd5 9. exd5 Bf5 10. Be3 Nd7 11. c4 b6 12. Bd3 Bxd3 13. Qxd3 Be7 14. 0-0 0-0 15. f4 Bf6 16. f5 e4 17. Qe2 Ne5 18. Nd2 Rc8 19. b3 Nd7 20. Rac1 Re8 21. Rf4 Be5 22. Rxe4 Nf6 23. Bg5 Bd4+ 24. Kf1 Nxe4 25. Bxd8 Ng3+ 26. hxg3 Rxe2 27. Kxe2 Rxd8 28. Kd3 Bc5 29. g4 Re8 30. Ne4 Bb4 31. Rc2 Re5 32. Re2 h5 33. Nf2 Rxe2 34. Kxe2 g6 35. fxg6 fxg6 36. gxh5 gxh5 37. Nd3 Bc3 38. Nf4 h4 39. Kf3 Kg7 40. Kg4 Kf6 41. Kxh4 Kf5 42. Ne2 Bf6+ 43. Kh5 Ke4 44. g4 Be5 45. Ng1 a5 46. g5 a4 47. bxa4 Bb2 48. Ne2 Be5 49. g6 Bg7 50. Ng3+ Kf4 51. a5 bxa5 52. c5 1-0